Австралия и Новая Зеландия (Запись № 128328)

Подробности
000 -МАРКЕР
контрольное поле 01751nam0a2200385 4500
001 - ИДЕНТИФИКАТОР ЗАПИСИ
контрольное поле RU\NLR\bibl\27138
005 - ИДЕНТИФИКАТОР ВЕРСИИ
контрольное поле 20260405104829.0
010 ## - МЕЖДУНАРОДНЫЙ СТАНДАРТНЫЙ НОМЕР КНИГИ (ISBN)
Номер (ISBN) 5-200-02298-3
Тираж 8000
035 ## - ДРУГИЕ СИСТЕМНЫЕ НОМЕРА
Идентификатор записи (NLR Aleph) 000026445
100 ## - ДАННЫЕ ОБЩЕЙ ОБРАБОТКИ
Данные общей обработки 19990513d1998 |||y0rusy50 ca
101 0# - ЯЗЫК РЕСУРСА
Язык текста, звукозаписи и т.д. русский
-- английский
102 ## - СТРАНА ПУБЛИКАЦИИ ИЛИ ПРОИЗВОДСТВА
Страна публикации Российская Федерация
105 ## - ПОЛЕ КОДИРОВАННЫХ ДАННЫХ: ТЕКСТОВЫЕ МАТЕРИАЛЫ, МОНОГРАФИЧЕСКИЕ
Кодированные данные о монографическом текстовом документе |||||||||||||
200 1# - ЗАГЛАВИЕ И СВЕДЕНИЯ ОБ ОТВЕТСТВЕННОСТИ
Основное заглавие Австралия и Новая Зеландия
Параллельное заглавие Dictionary of Australia and New Zealand
Сведения, относящиеся к заглавию Лингвострановедч. слов.
-- Ок. 5000 единиц
Первые сведения об ответственности [Д. филол. н. В.В. Ощепкова и др.]
Последующие сведения об ответственности Под общ. рук. д.филол.н. В.В. Ощепковой и к.филол.н. А.С. Петриковой
210 ## - ПУБЛИКАЦИЯ, РАСПРОСТРАНЕНИЕ И ДР.
Место издания, распространения и т.д. М.
Имя издателя, распространителя и т. д. Рус. яз.
Дата издания, распространения и т.д. 1998
215 ## - ФИЗИЧЕСКАЯ ХАРАКТЕРИСТИКА
Специфическое обозначение материала и объем 213 с., [11] л. цв. ил.
320 ## - ПРИМЕЧАНИЯ О НАЛИЧИИ В ДОКУМЕНТЕ БИБЛИОГРАФИИ / УКАЗАТЕЛЯ
Текст примечания Библиогр.: с. 15-18 и в подстроч. прим.
510 0# - ПАРАЛЛЕЛЬНОЕ ЗАГЛАВИЕ
Параллельное заглавие Dictionary of Australia and New Zealand
Язык заглавия английский
606 0# - НАИМЕНОВАНИЕ ТЕМЫ КАК ПРЕДМЕТ
Наименование темы Английский язык
Тематический подзаголовок Лингвострановедческие словари
-- Русский язык
Системный номер авторитетной/нормативной записи 2074752
Идентификатор авторитетной/нормативной записи RU\NLR\auth\661249764
607 ## - ГЕОГРАФИЧЕСКОЕ НАИМЕНОВАНИЕ КАК ПРЕДМЕТ
Географическое наименование Австралия
Формальный подзаголовок Словари
Системный номер авторитетной/нормативной записи 1013037
Идентификатор авторитетной/нормативной записи RU\NLR\auth\6668294
607 ## - ГЕОГРАФИЧЕСКОЕ НАИМЕНОВАНИЕ КАК ПРЕДМЕТ
Географическое наименование Новая Зеландия
Формальный подзаголовок Словари
Системный номер авторитетной/нормативной записи 1084116
Идентификатор авторитетной/нормативной записи RU\NLR\auth\66105281
686 ## - ИНДЕКСЫ ДРУГИХ КЛАССИФИКАЦИЙ
Индекс Д890(82)я21
686 ## - ИНДЕКСЫ ДРУГИХ КЛАССИФИКАЦИЙ
Индекс Д890(87НвЗ)я21
686 ## - ИНДЕКСЫ ДРУГИХ КЛАССИФИКАЦИЙ
Индекс Ш143.21-491
701 #1 - ИМЯ ЛИЦА - АЛЬТЕРНАТИВНАЯ ОТВЕТСТВЕННОСТЬ
Код отношения Автор
Материалы, к которым относится поле rus
Графика поля Кириллица
Начальный элемент ввода Ощепкова
Часть имени, кроме начального элемента ввода В. В.
Расширение инициалов личного имени Виктория Владимировна
Идентификатор авторитетной/нормативной записи RU\NLR\auth\7740222
Системный номер авторитетной/нормативной записи 23174
701 #1 - ИМЯ ЛИЦА - АЛЬТЕРНАТИВНАЯ ОТВЕТСТВЕННОСТЬ
Начальный элемент ввода Петриковская
Часть имени, кроме начального элемента ввода А. С.
Код отношения Автор
801 #0 - ИСТОЧНИК ЗАПИСИ
Страна Российская Федерация
Организация NLR
Дата составления 19990513
Правила каталогизации PSBO
801 #1 - ИСТОЧНИК ЗАПИСИ
Страна Российская Федерация
Организация NLR
Дата составления 19990513
852 ## - МЕСТОНАХОЖДЕНИЕ И ШИФР ХРАНЕНИЯ
Идентификатор организации NLR
Шифр хранения (Call Number) С К-2/7458
942 ## - ДОПОЛНИТЕЛЬНЫЕ ЭЛЕМЕНТЫ ЗАПИСИ (АБИС)
Тип экземпляра АБИС Книга
980 ## - КОЛЛЕКЦИЯ
Название коллекции Национальная библиография
Экземпляры
Тип экземпляра Дата поступления Источник поступления Стоимость Библиотека постоянного хранения Библиотека текущего хранения Место хранения Шифр хранения Штрих-код Статус экземпляра
Книга 09.02.2005 Подсобные фонды РНБ 51.00 РНБ (Московский) РНБ (Московский) Фонд общего зала литературы по филологии, педагогике и искусству (гуманитарной литературы) Л1 Ш143.21-49/А-222 1-227158  
Книга 25.10.2019     РНБ (Московский) РНБ (Московский) Центральная справочная библиотека С К-2/7458 1-2820799  
Книга 25.10.2019     РНБ (Московский) РНБ (Московский) Центральная справочная библиотека С К-2/7458 1-2820800